[Event "Verbandsliga Nordbaden 2223"]
[Site "Germany"]
[Date "2022.10.16"]
[Round "2.8"]
[White "Kesselring, Andre"]
[Black "Schulze, Eberhard"]
[Result "0-1"]
[WhiteElo "1756"]
[BlackElo "2198"]
[PlyCount "58"]
[EventDate "2022.09.25"]
[EventType "team-tourn"]
[EventRounds "9"]
[EventCountry "GER"]
[SourceTitle "EXT 2024"]
[Source "ChessBase"]
[SourceDate "2023.10.10"]
[SourceVersion "1"]
[SourceVersionDate "2023.10.10"]
[SourceQuality "1"]
[WhiteTeam "Forst"]
[BlackTeam "Pforzheim"]
[WhiteTeamCountry "GER"]
[BlackTeamCountry "GER"]

1. e4 d6 2. d4 Nf6 3. Nc3 g6 4. Bc4 Bg7 5. Nf3 0-0 6. 0-0 Nc6 7. h3 Nxe4 8. Bxf7+ Rxf7 9. Nxe4 h6 10. c3 Kh7 11. Qb3 Qf8 12. Nh4 Rf4 13. Bxf4 Qxf4 14. g3 Qxe4 15. Rae1 Qd3 16. Re3 Qa6 17. g4 g5 18. Qc2+ Kg8 19. Ng6 e6 20. f4 Qc4 21. b3 Qd5 22. fxg5 hxg5 23. Qf2 e5 24. c4 Qe6 25. Nf8 Qe8 26. Rf3 e4 27. Rf7 Bxd4 28. Ne6 Bxf2+ 29. R1xf2 Qxf7 0-1

[Event "Verbandsliga Nordbaden 2223"]
[Site "Germany"]
[Date "2022.09.25"]
[Round "1.8"]
[White "Kesselring, Andre"]
[Black "Mueller, Uwe"]
[Result "0-1"]
[WhiteElo "1756"]
[BlackElo "2195"]
[PlyCount "112"]
[EventDate "2022.09.25"]
[EventType "team-tourn"]
[EventRounds "9"]
[EventCountry "GER"]
[SourceTitle "EXT 2024"]
[Source "ChessBase"]
[SourceDate "2023.10.10"]
[SourceVersion "1"]
[SourceVersionDate "2023.10.10"]
[SourceQuality "1"]
[WhiteTeam "Forst"]
[BlackTeam "Ettlingen II"]
[WhiteTeamCountry "GER"]
[BlackTeamCountry "GER"]

1. e4 Nf6 2. e5 Nd5 3. c4 Nb6 4. d4 d6 5. exd6 exd6 6. h3 Be7 7. Nf3 Bf5 8. Bd3 Bxd3 9. Qxd3 0-0 10. 0-0 Bf6 11. Nbd2 d5 12. cxd5 Qxd5 13. Ne4 N8d7 14. Nxf6+ Nxf6 15. b3 Rfe8 16. Bb2 Qe4 17. Qxe4 Rxe4 18. Rfe1 Rae8 19. Rxe4 Rxe4 20. Re1 Nbd5 21. Rxe4 Nxe4 22. a3 f6 23. g3 Kf7 24. Kf1 Ke6 25. Ke2 Ne7 26. Nd2 Kd5 27. Nc4 Nf5 28. Ne3+ Nxe3 29. Kxe3 Ng5 30. h4 Nf7 31. f3 Nd6 32. g4 b5 33. Kd3 f5 34. Ke3 a5 35. Kd3 g6 36. Bc1 fxg4 37. fxg4 a4 38. bxa4 bxa4 39. h5 gxh5 40. gxh5 Nb5 41. Bb2 c6 42. Ke3 Kc4 43. Kf4 Kb3 44. Ba1 Nxa3 45. Kg5 Nc2 46. d5 cxd5 47. Be5 a3 48. Kh6 d4 49. Kxh7 a2 50. h6 a1Q 51. Kg6 Qg1+ 52. Kf6 Qh1 53. Kg7 Qg2+ 54. Kf6 Qe4 55. Bxd4 Nxd4 56. Kg7 Nf5+ 0-1